Border Chain Match-Up Quiz Stats

 Plays Quiz Updated Feb 26, 2015

Challenge
Share
Tweet
Score 0/9 Timer 03:00
0 Plays Today
% Correct
Canada
92.4%
Mongolia
78.3%
Peru
78.1%
Belgium
74.5%
Suriname
74.1%
Slovakia
69.6%
Turkmenistan
67.7%
South Sudan
51.6%
Nigeria
48.7%

You're not logged in!

Compare scores with friends on all Sporcle quizzes.
Join for Free
OR
Log In

You Might Also Like...

Show Comments

Extras

Top Quizzes Today


Score Distribution

Your Account Isn't Verified!

In order to create a playlist on Sporcle, you need to verify the email address you used during registration. Go to your Sporcle Settings to finish the process.

Report this User

Report this user for behavior that violates our Community Guidelines.

Details: